Pedodontics: Practice and Management (Record no. 20907)
[ view plain ]
| 000 -LEADER | |
|---|---|
| fixed length control field | 00388nam a22001577a 4500 |
| 003 - CONTROL NUMBER IDENTIFIER | |
| control field | SGT |
| 020 ## - INTERNATIONAL STANDARD BOOK NUMBER | |
| International Standard Book Number | 9788184489163 |
| 082 ## - DEWEY DECIMAL CLASSIFICATION NUMBER | |
| Classification number | 617.632 |
| Item number | P10B |
| 100 ## - MAIN ENTRY--PERSONAL NAME | |
| Personal name | Badrinatheswar |
| 245 ## - TITLE STATEMENT | |
| Title | Pedodontics: Practice and Management |
| 250 ## - EDITION STATEMENT | |
| Edition statement | 1ST |
| 260 ## - PUBLICATION, DISTRIBUTION, ETC. (IMPRINT) | |
| Place of publication, distribution, etc | NEW DELHI |
| Name of publisher, distributor, etc | JAYPEE BROTHERS MEDICAL PUBLISHERS (P) LTD. |
| Year of Publication | 2010 |
| 300 ## - PAGE DESCRIPTION | |
| No. of Pages | 1-324 |
| 650 ## - SUBJECT ADDED ENTRY--TOPICAL TERM | |
| Topical term or geographic name as entry element | Pedodontics |
| 942 ## - ADDED ENTRY ELEMENTS (KOHA) | |
| Source of classification or shelving scheme | Dewey Decimal Classification |
| Koha item type | Books |
| Withdrawn status | Lost status | Source of classification or shelving scheme | Damaged status | Not for loan | Home library | Current library | Shelving location | Date acquired | Vendor Name | Cost, normal purchase price | SGTU | Bill Number | Total Checkouts | Full call number | Accession No. (Barcode) | Date last seen | Bill Date | Koha item type |
|---|---|---|---|---|---|---|---|---|---|---|---|---|---|---|---|---|---|---|
| Dewey Decimal Classification | SGT Dental Library | SGT Dental Library | Text Book | 05/03/2021 | AHUJA BOOK COMPANY | 1550.00 | SGTU | 12616 | 617.632 P10B | FD8294 | 05/03/2021 | 27/01/2021 | Books | |||||
| Dewey Decimal Classification | SGT Dental Library | SGT Dental Library | Text Book | 05/03/2021 | AHUJA BOOK COMPANY | 1550.00 | SGTU | 12616 | 617.632 P10B | FD8295 | 05/03/2021 | 27/01/2021 | Books | |||||
| Dewey Decimal Classification | SGT Dental Library | SGT Dental Library | Text Book | 05/03/2021 | AHUJA BOOK COMPANY | 1550.00 | SGTU | 12616 | 617.632 P10B | FD8296 | 05/03/2021 | 27/01/2021 | Books |